LEADER 01116nlm0 22003371i 450 001 990009874620403321 005 20140627091805.0 010 $a9781845932633 035 $a000987462 035 $aFED01000987462 035 $a(Aleph)000987462FED01 035 $a000987462 100 $a20140627d2007----km-y0itay0103----ba 101 0 $aeng 135 $adrnn-008mamaa 200 1 $aIrrigation systems$bRisorsa elettronica$edesign, planning and construction$fAdrian Laycock 210 $aCambridge, Mass.$cCABI$cOvid [distributor]$d2007 230 $aDocumento elettronico 336 $aTesto 337 $aFormato pdf 676 $a333.913 702 1$aLaycock,$bAdrian 801 3$aIT$bUNINA$gREICAT$2UNIMARC 856 4 $zFull text per gli utenti Federico II$uhttp://ovidsp.ovid.com/ovidweb.cgi?T=JS&PAGE=booktext&NEWS=N&DF=bookdb&AN=01434583/1st_Edition&XPATH=/PG(0) 901 $aEB 912 $a990009874620403321 961 $aIrrigation projects$aDesign and construction 961 $aIrrigation projects$aPlanning 961 $aAgriculture 996 $aIrrigation systems$9827467 997 $aUNINA LEADER 01630nam 2200397z- 450 001 9910689597303321 005 20020403152543.0 035 $a(CKB)5860000000032707 035 $a(BIP)007622422 035 $a(EXLCZ)995860000000032707 100 $a20220406c2002uuuu -u- - 101 0 $aeng 200 10$aResponse by charitable organizations to the recent terrorist attacks $ehearing before the Subcommittee on Oversight of the Committee on Ways and Means, House of Representatives, One Hundred Seventh Congress, first session, November 8, 2001 215 $a1 online resource (iii, 131 p.) $cill 311 $a0-16-066730-5 517 $aResponse by charitable organizations to the recent terrorist attacks 606 $aSeptember 11 Terrorist Attacks, 2001 606 $aDisaster relief$zUnited States$xFinance 606 $aCharities$zUnited States$xFinance 606 $aVictims of terrorism$xServices for$zUnited States$xFinance 610 $aSeptember 11 terrorist attacks, 2001 610 $aDisaster relief 610 $aCharities 610 $aVictims of terrorism 610 $aHistory 610 $aSocial science 610 $aPolitical science 615 0$aSeptember 11 Terrorist Attacks, 2001. 615 0$aDisaster relief$xFinance. 615 0$aCharities$xFinance. 615 0$aVictims of terrorism$xServices for$xFinance. 712 02$aU. S. Congress, House Committee on Ways and Means, Subcommittee on Oversight Staff,$4oth 906 $aBOOK 912 $a9910689597303321 996 $aResponse by charitable organizations to the recent terrorist attacks$93142598 997 $aUNINA